[Event "ITA-ch U20"]
[Site "Tarvisio"]
[Date "2023.07.06"]
[Round "6"]
[White "Bergamino, Carlotta"]
[Black "Tabellini, Maria Chiara"]
[Result "0-1"]
[WhiteElo "1120"]
[BlackElo "1070"]
[PlyCount "172"]
[EventDate "2023.07.02"]
[EventType "swiss"]
[EventRounds "9"]
[EventCountry "ITA"]
[SourceTitle "EXT 2024"]
[Source "ChessBase"]
[SourceDate "2023.10.10"]
[SourceVersion "1"]
[SourceVersionDate "2023.10.10"]
[SourceQuality "1"]

1. e4 e5 2. Nf3 Nc6 3. Nc3 Nf6 4. Bc4 Nxe4 5. Nxe4 d5 6. Bd3 dxe4 7. Bxe4 Bd6 8. d3 Bg4 9. 0-0 Qd7 10. Re1 0-0-0 11. a3 Kb8 12. b4 Nd4 13. c3 Ne6 14. h3 Bh5 15. c4 f6 16. c5 Be7 17. a4 Nd4 18. Be3 f5 19. Nxe5 Bxd1 20. Nxd7+ Rxd7 21. Rexd1 fxe4 22. dxe4 Rhd8 23. Bxd4 Rxd4 24. Rdb1 Rxe4 25. a5 Rdd4 26. f3 Rf4 27. Re1 Bd8 28. Re8 Kc8 29. b5 Kd7 30. Re2 Be7 31. Rc1 c6 32. b6 a6 33. Re5 Ke8 34. Kf2 Kf7 35. g3 Rf6 36. f4 Re6 37. Rf5+ Bf6 38. Rh5 h6 39. Kf3 Kg8 40. g4 Ra4 41. g5 Be7 42. gxh6 Rxh6 43. Re5 Bf6 44. Re8+ Kf7 45. Rb8 Rxh3+ 46. Kg4 Rh4+ 47. Kg3 Ra3+ 48. Kg2 Rxf4 49. Rxb7+ Kg6 50. Rb1 Be5 51. Ra7 Rg4+ 52. Kf2 Rxa5 53. Kf3 Rc4 54. Re7 Rcxc5 55. b7 Bb8 56. Re8 Bc7 57. Re7 Rab5 58. Rxb5 Rxb5 59. Rxc7 c5 60. Rxc5 Rxb7 61. Rc6+ Kh5 62. Rxa6 g5 63. Rf6 Rb3+ 64. Kg2 Kh4 65. Kh2 Rb2+ 66. Kg1 Kg3 67. Rf1 g4 68. Kh1 Kh3 69. Kg1 g3 70. Re1 Rg2+ 71. Kh1 Rf2 72. Kg1 Rh2 73. Rf1 Re2 74. Rd1 Re3 75. Kf1 Kh2 76. Rd2+ Kh1 77. Rd1 Rf3+ 78. Ke2+ Kg2 79. Re1 Rf2+ 80. Ke3 Rf1 81. Re2+ Kh1 82. Rg2 Kxg2 83. Ke2 Kh1 84. Kxf1 g2+ 85. Kf2 g1Q+ 86. Kf3 Qg2+ 0-1